Rechtsstaat und Strafverfahren

Saved in:  
Bibliographic Details
Main Author: Müller, Ingo 1942- (Author)
Format: Print Book
Language:German
Published: Frankfurt/Main Europäische Verlagsanst. 1980
In:Year: 1980
Availability in Tübingen:Present in Tübingen.
IFK: F IV 159
Check availability: HBZ Gateway
Subito Delivery Service: Order now.
Keywords:

MARC

LEADER 00000cam a22000002c 4500
001 023801492
003 DE-627
005 20260206204400.0
007 tu
008 710101s1980 gw ||||| 00| ||ger c
015 |a 80,N09,0049  |2 dnb 
015 |a 81,A03,0091  |2 dnb 
016 7 |a 800016289  |2 DE-101 
020 |a 3434251103  |9 3-434-25110-3 
035 |a (DE-627)023801492 
035 |a (DE-603)050119559 
035 |a (DE-576)007641435 
035 |a (DE-599)GBV023801492 
035 |a (OCoLC)7279659 
035 |a (OCoLC)310475781 
035 |a (OCoLC)07279659 
035 |a (DE-604)8012659738 
040 |a DE-627  |b ger  |c DE-627  |e rakwb 
041 |a ger 
044 |c XA-DE 
082 0 |a 340/.3/0943  |q OCLC 
082 0 |a 340.30943  |2 DDC19oclc 
084 |a R 498  |2 sfb 
084 |a R 557  |2 sfb 
084 |a 04a  |2 sdnb 
084 |a 3,6  |2 ssgn 
084 |a PH 4980  |2 rvk  |0 (DE-625)rvk/136169: 
084 |a PH 2700  |2 rvk  |0 (DE-625)rvk/136009: 
084 |a PH 4730  |2 rvk  |0 (DE-625)rvk/136146: 
084 |a PH 2610  |2 rvk  |0 (DE-625)rvk/136005: 
084 |a MS 6850  |2 rvk  |0 (DE-625)rvk/123769: 
084 |a ME 3400  |2 rvk  |0 (DE-625)rvk/122601: 
084 |a PH 4700  |2 rvk  |0 (DE-625)rvk/136143: 
084 |a 86.36  |2 bkl 
090 |a a 
100 1 |a Müller, Ingo  |d 1942-  |0 (DE-588)141654538  |0 (DE-627)630406766  |0 (DE-576)262119099  |4 aut 
109 |a Müller, Ingo 1942-  |a Müller, I. 1942-  |a Mule, Yingge 1942-  |a Yingge-Mule 1942- 
245 1 0 |a Rechtsstaat und Strafverfahren  |c Ingo Müller 
264 1 |a Frankfurt/Main  |b Europäische Verlagsanst.  |c 1980 
300 |a 250 S. 
336 |a Text  |b txt  |2 rdacontent 
337 |a ohne Hilfsmittel zu benutzen  |b n  |2 rdamedia 
338 |a Band  |b nc  |2 rdacarrier 
500 |a Literaturverz. S. 225 - 248 
505 8 |a Literaturverz. S. 225 - 248 
583 1 |a Massenentsäuert  |c 2010  |2 pdager  |5 DE-18 
648 7 |a Geschichte  |2 gnd 
650 0 7 |0 (DE-588)4116634-6  |0 (DE-627)105805297  |0 (DE-576)209503203  |a Strafverfahren  |2 gnd 
650 0 7 |0 (DE-588)4122326-3  |0 (DE-627)105763276  |0 (DE-576)209550465  |a Rechtsstaatsprinzip  |2 gnd 
650 0 7 |0 (DE-588)4116635-8  |0 (DE-627)105805289  |0 (DE-576)209503211  |a Strafverfahrensrecht  |2 gnd 
650 0 7 |0 (DE-588)4129195-5  |0 (DE-627)105711691  |0 (DE-576)20960851X  |a Rechtsstaat  |2 gnd 
650 4 |a Strafprozessrecht 
650 4 |a Strafprozess 
689 0 0 |d s  |0 (DE-588)4116635-8  |0 (DE-627)105805289  |0 (DE-576)209503211  |a Strafverfahrensrecht  |2 gnd 
689 0 1 |d s  |0 (DE-588)4116634-6  |0 (DE-627)105805297  |0 (DE-576)209503203  |a Strafverfahren  |2 gnd 
689 0 2 |d s  |0 (DE-588)4122326-3  |0 (DE-627)105763276  |0 (DE-576)209550465  |a Rechtsstaatsprinzip  |2 gnd 
689 0 3 |d s  |0 (DE-588)4129195-5  |0 (DE-627)105711691  |0 (DE-576)20960851X  |a Rechtsstaat  |2 gnd 
689 0 4 |a z  |2 gnd  |a Geschichte 
689 0 |5 (DE-627) 
935 |i sf 
935 |i Blocktest 
935 |h HEB  |i 0501 
935 |h HEB  |i 0503 
936 r v |a PH 4980  |b Offizialprinzip, Akkusationsprinzip, Legalitätsprinzip, Opportunitätsprinzip; Klageerhebung  |k Rechtswissenschaft  |k Strafrecht, Strafverfahrensrecht, Kriminologie  |k Strafverfahrensrecht  |k Ermittlungsverfahren  |k Offizialprinzip, Akkusationsprinzip, Legalitätsprinzip, Opportunitätsprinzip; Klageerhebung  |0 (DE-627)1272168727  |0 (DE-625)rvk/136169:  |0 (DE-576)202168727 
936 r v |a PH 2700  |b Allgemeines  |k Rechtswissenschaft  |k Strafrecht, Strafverfahrensrecht, Kriminologie  |k Strafrecht  |k Strafrecht und Grundgesetz  |k Allgemeines  |0 (DE-627)1271995808  |0 (DE-625)rvk/136009:  |0 (DE-576)201995808 
936 r v |a PH 4730  |b Komplexe Untersuchungen  |k Rechtswissenschaft  |k Strafrecht, Strafverfahrensrecht, Kriminologie  |k Strafverfahrensrecht  |k Allgemeines  |k Komplexe Untersuchungen  |0 (DE-627)1272081095  |0 (DE-625)rvk/136146:  |0 (DE-576)202081095 
936 r v |a PH 2610  |b Einzeldarstellungen  |k Rechtswissenschaft  |k Strafrecht, Strafverfahrensrecht, Kriminologie  |k Strafrecht  |k Allgemeines  |k Einzeldarstellungen  |0 (DE-627)1272651703  |0 (DE-625)rvk/136005:  |0 (DE-576)202651703 
936 r v |a MS 6850  |b Gericht, Richter, Rechtsprechung, Polizei  |k Soziologie  |k Spezielle Soziologien  |k Rechtssoziologie  |k Gericht, Richter, Rechtsprechung, Polizei  |0 (DE-627)1271441527  |0 (DE-625)rvk/123769:  |0 (DE-576)201441527 
936 r v |a ME 3400  |b Rechtsstaat  |k Politologie  |k Politische Systeme: Allgemeines und Vergleich  |k Demokratie, westliches politisches System  |k Rechtsstaat  |0 (DE-627)1271427044  |0 (DE-625)rvk/122601:  |0 (DE-576)201427044 
936 r v |a PH 4700  |b Gesamtdarstellungen: Handbücher, Lehrbücher, Einführungen, Grundrisse  |k Rechtswissenschaft  |k Strafrecht, Strafverfahrensrecht, Kriminologie  |k Strafverfahrensrecht  |k Allgemeines  |k Gesamtdarstellungen: Handbücher, Lehrbücher, Einführungen, Grundrisse  |0 (DE-627)1271784521  |0 (DE-625)rvk/136143:  |0 (DE-576)201784521 
936 b k |a 86.36  |j Strafprozessrecht  |0 (DE-627)106413570 
936 s n |a m100  |2 mzub 
936 s n |a p100  |2 mzub 
936 s n |a m200  |2 mzub 
951 |a BO 
ELC |b 1 
LOK |0 000 xxxxxcx a22 zn 4500 
LOK |0 001 3149117240 
LOK |0 003 DE-627 
LOK |0 004 023801492 
LOK |0 005 20020607000000 
LOK |0 008 930715||||||||||||||||ger||||||| 
LOK |0 040   |a DE-21-110  |c DE-627  |d DE-21-110 
LOK |0 852   |a DE-21-110 
LOK |0 852 1  |c F IV 159  |m p  |9 00 
LOK |0 935   |a k110 
LOK |0 936ln  |a 4.6.5 
LOK |0 938   |k p 
LOK |0 939   |a 15-07-93  |b l01 
ORI |a SA-MARC-krimdoka001.raw 
SIG |a IFK: F IV 159